| 000 | 01117nam a2200301 a 4500 | ||
|---|---|---|---|
| 001 | 3853386 | ||
| 003 | OSt | ||
| 005 | 20180116183052.0 | ||
| 008 | 891215s1987 pk b 000 0 eng | ||
| 010 | _a 87931530 | ||
| 040 |
_aDLC _cDLC |
||
| 043 | _aa-pk--- | ||
| 050 | 0 | 0 | _bP33 1987 |
| 082 | _a658.0954 COR 1987 | ||
| 100 | 1 | _aCornelisse, Peter A. | |
| 245 | 1 | 4 |
_aThe wheat-marketing activity in Pakistan / _cPeter A. Cornelisse, Syed Nawab Haider Naqvi. |
| 260 |
_aIslamabad : _bPakistan Institute of Development Economics ; _aRotterdam : _bCentre for Development Planning, Erasmus University, _c1987. |
||
| 300 |
_axii, 125 p. : _bmap ; _c25 cm. |
||
| 440 | _aThe wheat-marketing activity in Pakistan | ||
| 504 | _aIncludes bibliographical references. | ||
| 650 | 0 |
_aWheat trade _zPakistan. |
|
| 650 | 0 |
_aWheat _zPakistan _xMarketing. |
|
| 700 | 1 | _aNaqvi, Syed Nawab Haider. | |
| 710 | 2 | _aPakistan Institute of Development Economics. | |
| 906 |
_a7 _bcbc _corignew _d3 _encip _f19 _gy-gencatlg |
||
| 942 |
_2ddc _cBK |
||
| 999 |
_c351662 _d351662 |
||